000 01452nam a2200277Ia 4500
999 _c36751
_d36751
001 2689
003 GE_BSU
005 20220530121857.0
008 181216s1990||||ge |||||||||||||| ||geo||
020 _a5520004549
040 _cGE_BSU
041 _ageo
080 _a94(479.22)+94(560) ს–45
100 _aსვანიძე, მიხელ
_913882
245 _aსაქართველო–ოსმალეთის ისტორიის ნარკვევები (XIV-XVIII ს.ს) /
_c[რედ.: ო. ცქიტიშვილი] ; საქ. სსრ მეცნ. აკად., აღმოსავლეთმცოდნ. ინ-ტი.
264 _aთბილისი :
_bმეცნიერბა,
_c1990.
300 _a367 გვ.;
_b21 სმ.
501 _aსაძიებელი: გვ. 350-366.
520 _aრეზ. რუს.
653 _aსაქართველოს შუა საუკუნეების ისტორია -- 14-18 სს.
653 _aსაქართველოს ახალი ისტორია -- 18 ს.
653 _aოსმალეთის ისტორია -- 14-18 სს.
700 _aცქიტიშვილი, ო.
_eრედაქტორი
_910219
710 _aსაქ. სსრ მეცნ. აკად., აღმოსავლეთმცოდნ. ინ-ტი.
_913883
942 _cBK
_2udc